00323nam a2200145Ia 45000030006000000080041000060400015000471000020000622450021000822500006001032600033001093000006001425460012001480050017001600STCL150530s9999 xx 000 0 und d aSTCLcSTCL aStephen Hawking 4aThe grand design a1 bBantam; Londonc2010aLondon a0 aEnglish20220125170059.0